Naked lunch / (Record no. 911)

MARC details
000 -LEADER
fixed length control field 00623nam a2200181 4500
001 - CONTROL NUMBER
control field 1276
008 - FIXED-LENGTH DATA ELEMENTS--GENERAL INFORMATION
fixed length control field 830215c19661959nyu 000 0 eng d
020 ## - INTERNATIONAL STANDARD BOOK NUMBER
International Standard Book Number 039417108X
100 1# - MAIN ENTRY--PERSONAL NAME
Personal name Burroughs, William S.,
Dates associated with a name 1914-1997.
245 10 - TITLE STATEMENT
Title Naked lunch /
Statement of responsibility, etc. William S. Burroughs.
260 ## - PUBLICATION, DISTRIBUTION, ETC.
Place of publication, distribution, etc. New York :
Name of publisher, distributor, etc. Grove Press,
Date of publication, distribution, etc. 1966, c1959.
300 ## - PHYSICAL DESCRIPTION
Extent xlvii, 255 p. ;
Dimensions 18 cm.
500 ## - GENERAL NOTE
General note ""First Black Cat edition 1966"".
650 ## - SUBJECT ADDED ENTRY--TOPICAL TERM
Topical term or geographic name entry element Alienation (Social psychology)
Form subdivision Fiction.
General subdivision
Chronological subdivision
Geographic subdivision
Source of heading or term
Topical term or geographic name entry element Drug addicts
Form subdivision Fiction.
General subdivision
Chronological subdivision
Geographic subdivision
Source of heading or term
Topical term or geographic name entry element Drug withdrawal symptoms
Form subdivision Fiction.
General subdivision
Chronological subdivision
Geographic subdivision
Source of heading or term
Topical term or geographic name entry element Recovering addicts
Form subdivision Fiction.
General subdivision
Chronological subdivision
Geographic subdivision
Source of heading or term
Holdings
Withdrawn status Lost status Source of classification or shelving scheme Damaged status Not for loan Collection code Home library Current library Shelving location Date acquired Serial Enumeration / chronology Inventory number Full call number Barcode Date last seen Price effective from Koha item type
    Dewey Decimal Classification     Main TEST RTC Library RTC Library Main opac 27/11/2018 2150 813.54 BUR 1959 30000737 03/01/2022 27/11/2018 Main
Royal Thimphu College || All Right Reserved